Nuskha e Kimiya (Record no. 542241)

000 -LEADER
fixed length control field 00356nam a22001337a 4500
082 ## - DEWEY DECIMAL CLASSIFICATION NUMBER
Classification number 297.1227
Author Mark NUS
-- L-31,P-124
110 ## - MAIN ENTRY--CORPORATE NAME
Corporate name or jurisdiction name as entry element TaJ Book company
9 (RLIN) 37361
245 ## - TITLE STATEMENT
Title Nuskha e Kimiya
Statement of responsibility, etc. TaJ Book company
260 ## - PUBLICATION, DISTRIBUTION, ETC.
Place of publication, distribution, etc. Lahore.
Name of publisher, distributor, etc. Taj Book Company
Date of publication, distribution, etc. 1945
300 ## - PHYSICAL DESCRIPTION
Extent 260.
526 ## - STUDY PROGRAM INFORMATION NOTE
Program name 0
Interest level 0
Reading level 0
Title point value 297_122700000000000_NUS
650 ## - SUBJECT ADDED ENTRY--TOPICAL TERM
Topical term or geographic name entry element MCE
9 (RLIN) 379
942 ## - ADDED ENTRY ELEMENTS (KOHA)
Source of classification or shelving scheme
Koha item type Book
Holdings
Withdrawn status Lost status Source of classification or shelving scheme Damaged status Not for loan Permanent Location Current Location Date acquired Total Checkouts Full call number Barcode Date last seen Price effective from Koha item type
          Military College of Engineering (MCE) Military College of Engineering (MCE) 09/26/2013   297.1227 NUS MCE-5291 09/26/2013 09/26/2013 Book
© 2023 Central Library, National University of Sciences and Technology. All Rights Reserved.